000 01187cam a2200289 4500
008 040505n2004 000 0 eng u
020 _a1860816827
035 _a(Sirsi) u126090
041 _aeng
050 _a674.834
_c18
100 _aDinwoodie, J. M.
245 _aWood-based panels
_bmedium density fibreboard (MDF)
260 _aWatford
_bBRE
_c2004
300 _a8p.
_c30cm.
490 _aBRE Digest
_v477 Part 5
520 _aDescribes medium density fibreboard and provides guidance on its use when manufactured to the European Standard EN 622-5: 1997. It demonstrates how when the product is used in construction within Europe, mandatory compliance with the Construction Products can be achieved by using the new European Harmonised Standard (EN 13986: 2002).
520 _aThis digest replaces BRE Digest 435 which is now withdrawn.
650 _aMDF
650 _aMEDIUM DENSITY FIBREBOARD
650 _aBS EN 622-5: 1997
650 _aBS EN 13986: 2002
690 _aBUILT ENVIRONMENT-BUILDING MATERIALS
700 _aEnjily, V.
710 _aUnited Kingdom
_bDepartment of Trade and Industry
710 _aBuilding Research Establishment
942 _n0
999 _c103563
_d103563